Código Penal: anotaciones y concordancias. Índice temático. Títulos de artículos del cuerpo del código y de las normas del apéndice
שמור ב:
| מחבר תאגידי: | |
|---|---|
| מחברים אחרים: | |
| פורמט: | לא ידוע |
| שפה: | אנגלית |
| יצא לאור: |
Santiago, Chile:
Legal Publishing; Thomson Reuters,
2020
|
| מהדורה: | Vigésima Edición. |
| סדרה: | Colección de Códigos 2020
|
| נושאים: | |
| תגים: |
הוספת תג
אין תגיות, היה/י הראשונ/ה לתייג את הרשומה!
|
MARC
| LEADER | 00000 a2200000 4500 | ||
|---|---|---|---|
| 003 | CL-VaPUC | ||
| 005 | 20250425110445.0 | ||
| 008 | 200331b ||||| |||| 00| 0 eng d | ||
| 999 | |c 423173 |d 423171 | ||
| 020 | |a 9789564000992 | ||
| 040 | |c Pontificia Universidad Católica de Valparaíso | ||
| 082 | 0 | 4 | |2 21 |a 345.83 CHI 2020 |
| 110 | 1 | |a Chile |9 890760 | |
| 245 | 1 | 0 | |a Código Penal: anotaciones y concordancias. Índice temático. Títulos de artículos del cuerpo del código y de las normas del apéndice |
| 250 | |a Vigésima Edición. |b Actualizada al 31 de enero de 2020 | ||
| 260 | 3 | |a Santiago, Chile: |b Legal Publishing; |b Thomson Reuters, |c 2020 | |
| 300 | |a 568 páginas | ||
| 490 | 0 | |a Colección de Códigos 2020 | |
| 505 | |a Mensaje del gobierno acompañando el presente Código Penal al Congreso. -Libro Primero. -Libro Segundo. Crímenes y Simples Delitos y sus Penas. -Libro Tercero. Apéndice: -Ley N.º 18.050. Fija normas generales para conceder indultos particulares. (D.O. de 6 de noviembre de 1981). -Ley N.º 18.216. Establece penas que indica como sustitutivas a las penas privativas o restrictivas de libertad. (D.O. de 14 de mayo de 1983). -Ley N.º 18.314. Determina conductas terroristas y fija su penalidad. (D.O. de 17 de mayo de 1984). -Ley N.º 19.913. Crea la Unidad de Análisis Financiero y modifica diversas disposiciones en materia de lavado y blanqueo de activos. (D.O. de 18 de diciembre de 2003). -Ley N.º 20.393. Establece la responsabilidad penal de las personas jurídicas en los delitos de lavado de activos, financiamiento del terrorismo y delito de cohecho que indica. (D.O. de 2 de diciembre de 2009). -Ley N.º 20.000. Sustituye la Ley N.º 19.366, que sanciona el tráfico ilícito de estupefacientes y sustancias sicotrópicas. (D.O. de 16 de febrero de 2005). -Ley N.º 19.327. De derechos y deberes en los espectáculos de fútbol profesional (D.O. de 31 de agosto de 1994). -Ley N.º 19.223. Tipifica figuras penales relativas a la informática (D.O. de 7 de junio de 1993). -Ley N.º 19.925. Sobre expendio y consumo de bebidas alcohólicas (D.O. de 19 de enero de 2004). -Ley General sobre Ferrocarriles. Texto definitivo fijado por Decreto N.º 1.157, del Ministerio de Fomento, de 13 de julio de 1931. (D.O. de 16 de septiembre de 1931). -Ley N.º 20.084. Establece un sistema de responsabilidad de los adolescentes por infracciones a la ley penal. (D.O. de 7 de diciembre de 2005) -Ley N.º 20.066. Establece Ley de Violencia Intrafamiliar. (D.O. de 7 de octubre de 2005) | ||
| 583 | |k Hugo Gaete |c 20200331 | ||
| 650 | 1 | |a Código penal chileno |9 484032 | |
| 650 | 1 | |a Derecho penal chileno |9 891374 | |
| 650 | 1 | |a Delitos |z Chile |9 891375 | |
| 650 | 1 | |a Penas |z Chile |9 890554 | |
| 650 | 1 | |a Crímenes |z Chile |9 890555 | |
| 700 | |a Vargas Pinto, Tatiana |e directora |9 891342 | ||
| 942 | |2 ddc |c BK |n 0 | ||
| 952 | |0 0 |1 0 |2 ddc |4 0 |6 345_830000000000000_CHI_2020 |7 0 |9 562171 |a BIBDER |b BIBDER |d 2020-03-27 |e 46 |g 0.00 |i 5575176 |l 109 |o 345.83 CHI 2020 |p 5575176 |r 2024-10-21 |s 2024-10-21 |t 1 |v 0.00 |w 2020-03-27 |y BK_R |k DER | ||